000 00731cab a2200253 4500
001 WB3534-29
008 090401t1999 xxu||||| |||| 00| 0 eng d
035 _a(Sirsi) u130
041 _aeng
245 _aNew minimum area limit for referrals
260 _c1999
350 _a0
490 _aPlanning (for the Natural and Built Environment)
_v(1333) 27 August 1999, 1(1)
650 _aDEVELOPMENT PLANS
650 _aLEISURE DEVELOPMENT
650 _aOFFICE DEVELOPMENT
650 _aPLANNING SYSTEM
650 _aREFERRALS
650 _aRETAIL DEVELOPMENT
650 _aTOWN & COUNTRY PLANNING (DEVT. PLANS & CONSULTATION) (DEPARTURES) DIRE
690 _aPLANNING LAW AND PRACTICE
942 _n0
948 _c02/09/1999
999 _c49
_d49